01439nas a2200241Ia 4500001001100000003001000011008004100021040002500062041001300087100002100100210002000121222002000141245005700161250001100218260008700229300002600316310001500342362003500357500033500392501011400727520033500841650002101176R050-S2452IT-CnALBA170116c99999999xx |||||||||||| ||und|| aIT-CnALBAcIT-CnALBA aITALIANO aADRIANI MAURILIO aCITTÀ DI VITA aCITTÀ DI VITA 0aCITTÀ DI VITA. SCIENZA E FEDE. MARZO APRILE 1996.  a1a ed. a FIRENZEbCITTÀ DI VITA EDIZIONI c1996 [1° Ed.:1996 - Ed.Ling.Originale: 1996] a92 p. (prefazione: 8) aBIMESTRALE aFascicolo: 2 / Anno: 51 (1996) aSCIENZA E FEDE. NUOVO TESTAMENTO E TEOLOGIA. PICCHI L. MARIE NOEL, INDOLE MEDIOEVALE DI UNA FEDE MODERNA. CIALINI G. ARTE SACRA, MEMORIA E PROGETTO. LORENZI L. PITTURA DI MORTE A FIRENZE. FATTI TERRIBILI 1348. PETILLI N. OPERE IN VOLGARE BEDA. SEDUZIONE E SCHIAVITÙ DELLA STORIA. INFORMAZIONE E FORMAZIONE LIBRI. ILLUSTRAZIONI.  aSocietà San Paolo EM - Piazza San Paolo, 14 - 12051 ALBA (CN) (non commercial uses only) ® Copyright 2017 aSCIENZA E FEDE. NUOVO TESTAMENTO E TEOLOGIA. PICCHI L. MARIE NOEL, INDOLE MEDIOEVALE DI UNA FEDE MODERNA. CIALINI G. ARTE SACRA, MEMORIA E PROGETTO. LORENZI L. PITTURA DI MORTE A FIRENZE. FATTI TERRIBILI 1348. PETILLI N. OPERE IN VOLGARE BEDA. SEDUZIONE E SCHIAVITÙ DELLA STORIA. INFORMAZIONE E FORMAZIONE LIBRI. ILLUSTRAZIONI.  aTEOLOGIA SOCIALE